000
00246nam a22001097a 4500
082
_a
030
_b
WOR/Y-6
245
_a
WORLD BOOK'S: YOUNG SCIENTIST
260
_a
CHICAGO
_b
WORLD BOOK
300
_a
127
650
_a
GENERAL KNOWLEDGE
_z
CHICAGO
942
_c
BK
999
_c
2192
_d
2192